书目信息 |
| 题名: |
新时期国际政治若干问题研究
|
|
| 作者: | 冯特君 著 | |
| 分册: | ||
| 出版信息: | 北京 经济管理出版社 2007 |
|
| 页数: | 389页 | |
| 开本: | 21cm | |
| 丛书名: | ||
| 单 册: | ||
| 中图分类: | D5-53 | |
| 科图分类: | ||
| 主题词: | 国际政治--研究--文集 | |
| 电子资源: | ||
| ISBN: | 978-7-80207-815-4 | |
| 000 | 00659nam0 2200217 450 | |
| 001 | 1249823466 | |
| 005 | 20121005135058.95 | |
| 010 | @a978-7-80207-815-4@dCNY30.00 | |
| 100 | @a20111117d2007 em y0chiy0110 ea | |
| 101 | 0 | @achi |
| 102 | @aCN@b110000 | |
| 105 | @ay z 000yy | |
| 200 | 1 | @a新时期国际政治若干问题研究@Axin shi qi guo ji zheng zhi ruo gan wen ti yan jiu@e冯特君文集@f冯特君著 |
| 210 | @a北京@c经济管理出版社@d2007 | |
| 215 | @a389页@d21cm | |
| 517 | 1 | @a冯特君文集@Afeng te jun wen ji |
| 606 | 0 | @a国际政治@x研究@j文集 |
| 690 | @aD5-53@v4 | |
| 701 | 0 | @a冯特君@Afeng te jun@4著 |
| 801 | 0 | @aCN@bNLC@c20111117 |
| 905 | @a10447@dD5-53@eJY22 | |
| 新时期国际政治若干问题研究:冯特君文集/冯特君著.-北京:经济管理出版社,2007 |
| 389页;21cm |
| ISBN 978-7-80207-815-4:CNY30.00 |
| ● |
| 相关链接 |
|
|
|
|
正题名:新时期国际政治若干问题研究
索取号:D5-53/JY22
 
预约/预借
| 序号 | 登录号 | 条形码 | 馆藏地/架位号 | 状态 | 备注 |
| 1 | 7811792 | 278117921 | 学院路分馆/ [索取号:D5-53/JY22] | 在馆 | |
| 2 | 7811793 | 278117930 | 学院路分馆/ [索取号:D5-53/JY22] | 在馆 |